15 Minutes - Sabrina Carpenter - Statistics

General Stats
  • This quiz has been taken 51 times
  • The average score is 233 of 323
Answer Stats
% Correct
a
97%
I
97%
(I
97%
so
97%
You,
97%
you,
97%
you
97%
you)
97%
You
97%
do
93%
The
90%
the
90%
can
86%
can)
86%
fifteen
86%
lot
86%
Lot
86%
make
86%
minutes
86%
When
86%
when
86%
I'm
83%
on
83%
to
83%
all
79%
(All
79%
me
79%
me,
79%
my
79%
(My,
79%
my)
79%
some
79%
Take
79%
take
79%
time,
79%
time
79%
with
79%
finish
76%
is
76%
it
76%
it,
76%
no
76%
(No)
76%
Oh,
76%
oh
76%
you're
76%
boys,
72%
business
72%
'em
72%
funny
72%
get
72%
gonna
72%
into
72%
millions
72%
of
72%
Only
72%
right
72%
somethin'
72%
turn
72%
two
72%
Where
72%
baby
69%
baby)
69%
bucks,
69%
But
69%
clock
69%
come
69%
couple
69%
did
69%
I'll
69%
know
69%
pretty
69%
they're
69%
up,
69%
bitches
66%
die
66%
die)
66%
It's
66%
it's
66%
like
66%
maybe
66%
pictures
66%
something
66%
that
66%
tickin'
66%
yeah,
66%
doin'
62%
from?
62%
just
62%
lately
62%
leak
62%
nice?
62%
night
62%
these
62%
time's
62%
(Time's
62%
what
62%
(Ah)
59%
And
59%
don't
59%
Guess
59%
means
59%
out
59%
parties
59%
people
59%
show
59%
we're
59%
battery
55%
between
55%
crazy
55%
guy
55%
Hard
55%
high
55%
high)
55%
hold
55%
hope
55%
life
55%
matter
55%
missin'
55%
off,
55%
Say
55%
there's
55%
through
55%
brain
52%
conversations
52%
(Conversations
52%
every
52%
hopin'
52%
hot,
52%
Piss
52%
Runnin'
52%
alive
48%
(Alive,
48%
alive,
48%
alive)
48%
batshit
48%
eat
48%
eyes
48%
gosh,
48%
here
48%
woodwork
48%
babe
45%
Been
45%
fleetin'
45%
long
45%
Uh
45%
uh,
45%
uh
45%
Uh,
45%
(Na
34%
na
34%
na)
34%
Well,
34%
(Ooh,
31%
wrong)
24%
(Sure
21%
(Tell
21%
thе
7%
Whеn
7%
No matching quizzes found
Score Distribution
Percent of People with Each Score
Percentile by Number Answered
Your Score History
You have not taken this quiz